EFFECTS OF CLOSE KINETIC CHAIN IN EXERCISES ON ANKLE KINEMATICS IN PATIENTS WITH ACHILLES TENDINOPATHY (Record no. 32208)
[ view plain ]
| 000 -LEADER | |
|---|---|
| fixed length control field | 00389nam a22001457a 4500 |
| 003 - CONTROL NUMBER IDENTIFIER | |
| control field | SGT |
| 082 ## - DEWEY DECIMAL CLASSIFICATION NUMBER | |
| Classification number | 617.3 |
| Item number | E21S |
| 100 ## - MAIN ENTRY--PERSONAL NAME | |
| Personal name | SINGH, SOURAV |
| 245 ## - TITLE STATEMENT | |
| Title | EFFECTS OF CLOSE KINETIC CHAIN IN EXERCISES ON ANKLE KINEMATICS IN PATIENTS WITH ACHILLES TENDINOPATHY |
| 260 ## - PUBLICATION, DISTRIBUTION, ETC. (IMPRINT) | |
| Place of publication, distribution, etc | GURUGRAM |
| Name of publisher, distributor, etc | SGT UNIVERSITY |
| Year of Publication | 2021 |
| 300 ## - PAGE DESCRIPTION | |
| No. of Pages | 71 |
| 650 ## - SUBJECT ADDED ENTRY--TOPICAL TERM | |
| Topical term or geographic name as entry element | ORTHOPAEDICS |
| 653 ## - KEYWORDS--INDEX TERM | |
| Keyword term | MPT |
| 942 ## - ADDED ENTRY ELEMENTS (KOHA) | |
| Source of classification or shelving scheme | Dewey Decimal Classification |
| Koha item type | Thesis/Dissertation |
| Withdrawn status | Lost status | Source of classification or shelving scheme | Damaged status | Not for loan | Home library | Current library | Date acquired | Total Checkouts | Full call number | Accession No. (Barcode) | Date last seen | Bill Date | Koha item type |
|---|---|---|---|---|---|---|---|---|---|---|---|---|---|
| Dewey Decimal Classification | SGT Medical Library | SGT Medical Library | 12/08/2025 | 617.3 E21S | DT2326 | 12/08/2025 | 12/08/2025 | Thesis/Dissertation |